Cities Closest to Boston - Statistics

General Stats
  • This quiz has been taken 9 times
  • The average score is 3 of 15
Answer Stats
mi Answer km % Correct
3 Cambridge (Massachusetts) 4
88%
50 Providence 80
50%
72 Newport 115
25%
108 Portland (Maine) 173
25%
25 Salem (Massachusetts) 40
25%
71 Hyannis 114
13%
40 Plymouth (Massachusetts) 64
13%
57 Portsmouth (New Hampshire) 91
13%
71 Provincetown 114
13%
87 Chatham (Massachusetts) 140
0%
85 Kennebunkport (Maine) 136
0%
89 Martha's Vineyard 143
0%
100 Mystic 160
0%
99 Nantucket 159
0%
73 Ogunquit (Maine) 117
0%
No matching quizzes found
Score Distribution
Percent of People with Each Score
Percentile by Number Answered
Your Score History
You have not taken this quiz